| 000 | 00550nam a2200169 i 4500 | ||
|---|---|---|---|
| 001 | 115747 | ||
| 003 | ES-MaACL | ||
| 005 | 20230906190541.0 | ||
| 007 | t| | ||
| 008 | 070511s1970 sp ||||1| spa d | ||
| 110 | 2 |
_aUniversidad de Granada. _bFacultad de Farmacia. _97182 |
|
| 245 | 1 | 0 |
_aMemoria 1967-1968 / _cFacultad de Farmacia. |
| 260 |
_aGranada : _bUniversidad, _c[1970] |
||
| 300 |
_a169 p., 1 h. de lám. ; _c24 cm. |
||
| 610 | 2 | 4 |
_aUniversidad de Granada. _bFacultad de Farmacia- _vMemorias. _9170436 |
| 852 |
_aES-MaACL _jC-41890 _bR.74402 |
||
| 999 |
_c115747 _d115747 |
||